000 00555nam a2200193Ia 4500
003 OSt
005 20220829114628.0
008 220829b |||||||| |||| 00| 0 eng d
020 _a9221016838
040 _cIFM Library
082 _a331.252
100 _aAn International discussion
_93614
245 _aPension and Inflation
260 _aGeneva
_bILO
_c1977
300 _axi, 136p. :
_bill;24cm.
500 _aIncludes Appendix
650 _aPensions - addresses, essays, lecturesInflation (finance) - addresses, lectures
_93615
942 _cBK
_2ddc
_n0
999 _c5704
_d5704